000 00828nam a2200301 a 4500
003 AR-BaBNM
005 20251128203001.0
008 082120s2002 ||||||||||||||000 | spa||
040 _cAR-BaBNM
100 1 _aCorradi, Hugo
245 0 0 _aGuía antigua del oeste porteño
250 _a1ª ed.
260 _aBuenos Aires
_bMunicipalidad de la Ciudad de Buenos Aires
_c1969
300 _a118 p.
_bil., mapas
490 0 _aCuadernos de Buenos Aires
_vv. 30
650 4 _aHISTORIA ARGENTINA
650 4 _aSOCIOLOGIA CULTURAL
650 4 _aHISTORIA DE BUENOS AIRES
650 4 _aHISTORIA CULTURAL
650 4 _aBIENES CULTURALES
650 4 _aEDIFICIOS
650 4 _aARQUITECTURA
650 4 _aPARQUES PUBLICOS
650 4 _aBARRIOS
651 4 _aBuenos Aires [Capital Federal]
942 _cBK
998 _cMARTIN
999 _c1371
_d1371